| 000 | 00583nam a2200181Ia 4500 | ||
|---|---|---|---|
| 003 | IN-BaIIA | ||
| 008 | 211028s9999 xx 000 0 eng d | ||
| 040 | _cIIA Library | ||
| 080 |
_a083.8:523.9-355 _bMOO |
||
| 100 | _aMoore, C. E. | ||
| 245 | 4 |
_aThe solar, spectrum 2935 A to 8770 A _cMoore, C E |
|
| 260 |
_aU S A _bDepartment of Commerce _c1966 |
||
| 300 | _axxx,349p | ||
| 650 | _aAstronomy and Astrophysics Thesaurus | ||
| 650 |
_aCatalogue-Solar Spectrum _917896 |
||
| 650 |
_aSolar Spectrum-Catalogue _917897 |
||
| 942 | _cBK | ||
| 999 |
_c10525 _d10525 |
||